Normal view
MARC view
- Hassan, Moulana Muhammad Younus
Entry Personal Name
001 - CONTROL NUMBER
- control field: 114461
003 - CONTROL NUMBER IDENTIFIER
- control field: NUST
005 - DATE AND TIME OF LATEST TRANSACTION
- control field: 20230905150957.0
008 - FIXED-LENGTH DATA ELEMENTS
- fixed length control field: 230905|| aca||aabn | a|a d
040 ## - CATALOGING SOURCE
- Original cataloging agency: NUST
- Transcribing agency: NUST
100 ## - HEADING--PERSONAL NAME
- Personal name: Hassan, Moulana Muhammad Younus
670 ## - SOURCE DATA FOUND
- Source citation: Work cat.: (NUST): Hassan, Moulana Muhammad Younus, America ki Jarhiat Aur Umat-e-Muslima Key Mazlomiat , 2004.
